Canines - Sudden Death - Statistics

General Stats
  • This quiz has been taken 24 times
  • The average score is 8 of 15
Answers on the Grid
Answers color-coded by a green-red scale on the quiz's grid according to % correct below.
Welsh_Pembroke_Corgi.jpg?utm_source=commons.wikimedia.org&utm_campaign=index&utm_content=original
Cute_racoon.JPG?utm_source=commons.wikimedia.org&utm_campaign=index&utm_content=original
Keberow.jpg
African_Wild_Dog_%28Lycaon_pictus%29_male_..._%2854113627559%29.jpg
Tayra_-_Male%2C_Brazil_%28cropped%29.jpg
IndyStands.jpg
Czw-merrybell.jpg
Fennec_Fox.jpg
Aardwolf%2C_Proteles_cristata%2C_at_Lion_and_Rhino_Reserve%2C_Gauteng%2C_South_Africa_%2847987215058%29.jpg
Side-striped_Jackal.jpg
San_Diego_Zoo_%288678865731%29.jpg
Komondor_delvin.jpg
3840px-Tasmanian_Devil_%2833295981294%29.jpg?utm_source=commons.wikimedia.org&utm_campaign=index&utm_content=thumbnail
Hiena_manchada_%28Crocuta_crocuta%29%2C_parque_nacional_de_Tarangire%2C_Tanzania%2C_2024-05-25%2C_DD_25.jpg?utm_source=commons.wikimedia.org&utm_campaign=index&utm_content=original
Caracal_hunting_in_the_serengeti.jpg?utm_source=commons.wikimedia.org&utm_campaign=index&utm_content=original
Otocyon_megalotis_-_Etosha_2014.jpg
Endangered_Red_Panda.jpg
Surikata_v_zoo.jpg?utm_source=commons.wikimedia.org&utm_campaign=index&utm_content=original
082_Yellow_mongoose_in_Khomas_Region_Photo_by_Giles_Laurent.jpg
Borzoi3.jpg
Speothos_venaticus_Zoo_Praha_2011-5_%28cropped%29.jpg
Fox---Vulpes-corsac---%28Gentry%29.jpg
Nyctereutes_procyonoides_379771229.jpg
Cryptoprocta_ferox_60775072.jpg?utm_source=commons.wikimedia.org&utm_campaign=index&utm_content=original
Crab-eating_Fox_%28cropped%29.JPG
 
Answer Stats
Answer % Correct
Welsh corgi (Canidae) Welsh_Pembroke_Corgi.jpg?utm_source=commons.wikimedia.org&utm_campaign=index&utm_content=original
86%
Czechoslovakian wolfdog (Canidae) Czw-merrybell.jpg
81%
Borzoi (Canidae) Borzoi3.jpg
81%
Ethiopian wolf (Canidae) Keberow.jpg
76%
Komondor (Canidae) Komondor_delvin.jpg
76%
Side-stripped jackal (Canidae) Side-striped_Jackal.jpg
71%
Corsac fox (Canidae) Fox---Vulpes-corsac---%28Gentry%29.jpg
62%
African wild dog (Canidae) African_Wild_Dog_%28Lycaon_pictus%29_male_..._%2854113627559%29.jpg
62%
Chinese crested dog (Canidae) IndyStands.jpg
57%
Maned wolf (Canidae) San_Diego_Zoo_%288678865731%29.jpg
48%
Fennec fox (Canidae) Fennec_Fox.jpg
48%
Bush dog (Canidae)
Speothos_venaticus_Zoo_Praha_2011-5_%28cropped%29.jpg
33%
Crab-eating fox (Canidae) Crab-eating_Fox_%28cropped%29.JPG
19%
Raccoon dog (Canidae) Nyctereutes_procyonoides_379771229.jpg
10%
Bat-eared fox (Canidae) Otocyon_megalotis_-_Etosha_2014.jpg
10%
No matching quizzes found
Score Distribution
Percent of People with Each Score
Percentile by Number Answered
Your Score History
You have not taken this quiz